000 00606nam a2200229Ia 4500
001 36251
005 20240114001848.0
007 ta
008 070412s a g b000 u 465 u
040 _aCotton College,Assam
041 _a465
082 _a657
_bSe 55 P
100 _aSengupta, S .
245 0 _aElementary Text Book Of Book-Keeping /
_cS .Sengupta.
_hTextual Documents
250 _aIst /
260 _aCalcutta :
_bH.Chatterji & Co.Ltd ,
_c©1957.
300 _a627 P :
_bill ;
_c18 cm .
653 _aBook Keeping
942 _2ddc
_cBK
999 _c36233
_d36233